Strategické aliance se zahraničními partnery

Salvato in:
Dettagli Bibliografici
Autore principale: Vodáček, Leo
Altri autori: Vodačkova, Ol'ga
Natura: Libro
Lingua:ceco
Pubblicazione: Praha MANAGEMENT PRESS 2002
Soggetti:
Tags: Aggiungi Tag
Nessun Tag, puoi essere il primo ad aggiungerne!!

MARC

LEADER 00000nam a2200000 4500
001 c133408
005 20221124095105.3
020 |a 80-7261-058-9 
041 0 |a cze 
044 |a CZ 
245 1 0 |a Strategické aliance se zahraničními partnery  |c Leo Vodáček & Oľga Vodáčková 
264 1 |a Praha  |b MANAGEMENT PRESS  |c 2002 
300 |a 137 s. 
610 2 0 |a aliancie strategické 
610 2 0 |a partneri obchodní 
610 2 0 |a podnikanie 
610 2 0 |a procesy rozhodovacie 
610 2 0 |a riziko 
610 2 0 |a politika zahraničná 
610 2 0 |a zdroje informácií 
610 2 0 |a ochrana dát 
100 1 |a Vodáček, Leo 
700 1 |a Vodačkova, Ol'ga